000 00802cab a2200253 4500
001 WB3441-01
008 090401t1998 xxu||||| |||| 00| 0 eng d
035 _a(Sirsi) u89397
041 _aeng
245 _aCode rejected
260 _c1998
350 _a0
490 _aDaily Telegraph
_v30 October 1998, 6(1)
520 _aA scheme aimed at cutting Britain`s trade in stolen art and antiques has been rejected by major auction houses and dealers. The code was drawn up by the Council for the Prevention of Art Theft.
650 _aANTIQUES TRADE
650 _aAUCTION HOUSES
650 _aAUCTIONEERS
650 _aCODE OF PRACTICE
650 _aCOUNCIL FOR THE PREVENTION OF ART THEFT
650 _aSTOLEN ART
690 _aAuctioneering
_96218
942 _n0
948 _c30/10/1998
999 _c56546
_d56546